00434nam a2200145Ia 4500008004100000020001800041041000800059082001500067100004200082245010400124250000600228260003300234300000900267440001200276210716s2010 xx 000 0 und d a9788126525270 aeng a657.3 EPSB aEpstein, Barry J: Jermakowicz, Eva K. aInterpretation and application of international financial reporting standards for Indian companies. a1 aNew DelhibWiley Indiac2010 a1497 v2010/11